[Event "Preferente Aragonesa Grupo A"]
[Site "?"]
[Date "2017.01.28"]
[Round "1.49"]
[White "Accattato Martin, Mario"]
[Black "Maza Broto, Pablo"]
[Result "0-1"]
[WhiteElo "2251"]
[BlackElo "2022"]
[PlyCount "126"]
[EventDate "2017.01.28"]
[WhiteTeam "Monzon"]
[BlackTeam "Jaime Casas B"]

1. e4 c5 2. Nf3 e6 3. g3 Nc6 4. Bg2 d6 5. O-O Nf6 6. Re1 Be7 7. d4 cxd4 8. Nxd4
e5 9. Ne2 O-O 10. Nbc3 Be6 11. h3 Rc8 12. Be3 a6 13. g4 Na5 14. b3 Qc7 15. g5
Nh5 16. Nd5 Bxd5 17. Qxd5 Nc6 18. c4 g6 19. Rad1 Kh8 20. Ng3 Ng7 21. h4 f6 22.
Qd2 fxg5 23. hxg5 Ne6 24. Ne2 Qd8 25. Bh3 Nxg5 26. Bxg5 Bxg5 27. Qxd6 Qxd6 28.
Rxd6 Rc7 29. Bg2 Bh4 30. Rf1 Rcf7 31. f3 Bd8 32. Rfd1 Bb6+ 33. Kh2 Bc5 34. R6d5
Be3 35. Rd7 Kg7 36. Rxf7+ Rxf7 37. Kg3 h5 38. Bh3 Nd4 39. Nxd4 exd4 40. Be6 Re7
41. Bd5 g5 42. b4 Kf6 43. c5 h4+ 44. Kh3 Ke5 45. a4 Kf4 46. Kg2 Rh7 47. Be6 Ke5
48. Bg8 h3+ 49. Kh1 Rg7 50. Bd5 Kf4 51. b5 axb5 52. axb5 Kxf3 53. c6 bxc6 54.
Bxc6 Ke2 55. Rb1 d3 56. b6 d2 57. b7 Bf4 58. Ba4 Bb8 59. Bb5+ Kf2 60. Ba4 Rc7
61. Rd1 Rc1 62. Bb3 Rxd1+ 63. Bxd1 Ke1 0-1

[Event "Preferente Aragonesa Grupo A"]
[Site "?"]
[Date "2017.01.28"]
[Round "1.50"]
[White "Rodriguez Leiva, Manuel"]
[Black "Citoler Serrat, Adriano"]
[Result "1/2-1/2"]
[WhiteElo "1974"]
[BlackElo "1901"]
[PlyCount "100"]
[EventDate "2017.01.28"]
[WhiteTeam "Jaime Casas B"]
[BlackTeam "Monzon"]

1. c4 e5 2. e4 Bc5 3. d3 Nc6 4. Nf3 d6 5. Be2 Nge7 6. O-O Bg4 7. Nc3 a6 8. Be3
Bxf3 9. Bxf3 Nd4 10. Bg4 O-O 11. Kh1 f5 12. Bh3 f4 13. Bxd4 Bxd4 14. Be6+ Kh8
15. Nd5 Ng6 16. Qh5 Ne7 17. Nxe7 Qxe7 18. Bf5 g5 19. Rab1 Qg7 20. g3 fxg3 21.
hxg3 Rf6 22. Kg2 Rh6 23. Qg4 Rf8 24. b4 b6 25. Rh1 Rff6 26. Rxh6 Rxh6 27. Bc8
Qf7 28. f3 Qh5 29. Qxh5 Rxh5 30. Bxa6 Rh6 31. a4 Rf6 32. Bc8 Rf8 33. Bf5 Kg7
34. Rb3 Kf6 35. Bxh7 Ra8 36. Ra3 Bb2 37. Ra2 Bc3 38. b5 Rh8 39. Bf5 Rh6 40. Rc2
Bb4 41. Rc1 Rh8 42. Rh1 Rxh1 43. Kxh1 Bc5 44. Kg2 Bb4 45. Kh3 Be1 46. Kg4 Bd2
47. Kh5 Be3 48. g4 Kg7 49. Be6 Bf4 50. Bd5 Be3 1/2-1/2

[Event "Preferente Aragonesa Grupo A"]
[Site "?"]
[Date "2017.01.28"]
[Round "1.51"]
[White "Hidalgo Gracia, Andres"]
[Black "Salas Latorre, Jose"]
[Result "1/2-1/2"]
[WhiteElo "1797"]
[BlackElo "1750"]
[PlyCount "106"]
[EventDate "2017.01.28"]
[WhiteTeam "Monzon"]
[BlackTeam "Jaime Casas B"]

1. c4 e6 2. Nc3 d5 3. cxd5 exd5 4. d4 Nf6 5. Nf3 c6 6. Bg5 Be7 7. e3 Bf5 8. Bd3
Bxd3 9. Qxd3 O-O 10. O-O Nbd7 11. Rac1 Re8 12. Na4 Ne4 13. Bxe7 Rxe7 14. Rfd1
Qa5 15. Qb3 Ndf6 16. Nc3 Qb6 17. Qxb6 axb6 18. a3 Nd6 19. Ne5 Nd7 20. Nxd7 Rxd7
21. Rc2 Re7 22. Re1 f6 23. h3 Kf7 24. Rce2 b5 25. g4 Rae8 26. Kg2 g6 27. f3 f5
28. Kg3 Kf6 29. h4 h6 30. Kf4 fxg4 31. Kxg4 Nf5 32. e4 Nxd4 33. Rf2 Nf5 34.
Ree2 Nd4 35. Rd2 Nb3 36. Rd1 d4 37. Ne2 c5 38. Nf4 Kg7 39. Nd5 Rf7 40. Rc2 Rc8
41. Rd3 Na5 42. Rxd4 Nc4 43. Rd1 Rd8 44. Rf2 Rxd5 45. Rxd5 Ne3+ 46. Kg3 Nxd5
47. exd5 Rd7 48. Rd2 Kf6 49. Kf4 b4 50. Rd1 Rd6 51. Rd3 Rd7 52. Rd2 Rd6 53. Rd1
Rd7 1/2-1/2

[Event "Preferente Aragonesa Grupo A"]
[Site "?"]
[Date "2017.01.28"]
[Round "1.52"]
[White "Olivan Alvira, Alejandro"]
[Black "Garreta Nieto, Maria"]
[Result "0-1"]
[WhiteElo "1550"]
[BlackElo "1736"]
[PlyCount "150"]
[EventDate "2017.01.28"]
[WhiteTeam "Jaime Casas B"]
[BlackTeam "Monzon"]

1. c4 e5 2. e4 Nf6 3. Nc3 Bb4 4. Nf3 Bxc3 5. bxc3 d6 6. d3 O-O 7. Be2 Bg4 8.
O-O Nbd7 9. Bg5 h6 10. Be3 Re8 11. Rb1 b6 12. h3 Bh5 13. Qd2 Bxf3 14. Bxf3 Rb8
15. Be2 c6 16. f4 Kh7 17. f5 d5 18. cxd5 cxd5 19. Bf3 dxe4 20. dxe4 Qc7 21.
Rfc1 Nc5 22. Qc2 Rbd8 23. Rd1 Qc6 24. Bxc5 Qxc5+ 25. Kh2 Qe3 26. a4 Kg8 27. Kh1
Nh7 28. Rxd8 Rxd8 29. Qc1 Qxc1+ 30. Rxc1 Ng5 31. Kh2 Nxf3+ 32. gxf3 Rd2+ 33.
Kg3 Ra2 34. Rd1 Rxa4 35. Rd8+ Kh7 36. Rd7 f6 37. f4 Rxe4 38. fxe5 Rxe5 39. Rxa7
Re3+ 40. Kg4 Rxc3 41. Rb7 Rb3 42. Kh4 b5 43. Kg4 b4 44. h4 Rb1 45. Kh5 b3 46.
Rb5 Rb2 47. Rb7 Rf2 48. Rxb3 Rxf5+ 49. Kg4 Ra5 50. h5 Ra8 51. Rb7 Re8 52. Rb5
Kg8 53. Kf5 Kh7 54. Kg4 Re4+ 55. Kf5 Re1 56. Kg4 Rg1+ 57. Kh4 Rg5 58. Rb7 Re5
59. Kg4 Kg8 60. Rb8+ Kf7 61. Rb7+ Re7 62. Rb5 g6 63. Kh4 g5+ 64. Kg3 Re4 65.
Rb7+ Re7 66. Rb5 Ke6 67. Kg4 Rd7 68. Rb6+ Rd6 69. Rxd6+ Kxd6 70. Kf5 Ke7 71.
Kg6 g4 72. Kxh6 g3 73. Kg7 g2 74. h6 g1=Q+ 75. Kh8 Kf7 0-1

[Event "Preferente Aragonesa Grupo B"]
[Site "Aragon"]
[Date "2017.01.28"]
[Round "1.53"]
[White "Sacristan Latorre, Alberto"]
[Black "Pes Mateo, Angel"]
[Result "1-0"]
[WhiteElo "2075"]
[BlackElo "1955"]
[PlyCount "83"]
[EventDate "2017.01.28"]
[WhiteTeam "Palacio de Pioneros B"]
[BlackTeam "Delicias B"]

1. e4 c5 2. c3 d5 3. exd5 Qxd5 4. d4 Nf6 5. Nf3 Nc6 6. Be2 cxd4 7. cxd4 e6 8.
Nc3 Qa5 9. O-O Be7 10. Bb5 O-O 11. Ne5 Nb4 12. Qe2 Nbd5 13. Nxd5 Nxd5 14. Rd1
Rd8 15. Bd3 g6 16. Qf3 f5 17. Qg3 Bd6 18. Bg5 Rf8 19. h4 Qb4 20. Bh6 Qxd4 21.
Bxf8 Bxe5 22. Bc5 Bxg3 23. Bxd4 Bxh4 24. Bc4 Bd7 25. Re1 Kf7 26. Bxd5 exd5 27.
Rac1 Bc6 28. b4 a6 29. a4 Bd8 30. Ra1 Be7 31. Reb1 Bd7 32. Rc1 Bd6 33. Ra3 a5
34. Rh3 h5 35. b5 Re8 36. Re3 Bf4 37. Rxe8 Kxe8 38. Rc2 Bd6 39. Bb6 Ke7 40.
Bxa5 d4 41. Bb6 Be5 42. Rd2 1-0

[Event "Preferente Aragonesa Grupo B"]
[Site "Aragon"]
[Date "2017.01.28"]
[Round "1.54"]
[White "Aranda Lozano, Jorge"]
[Black "Castillo Sanjuan, Alejandro"]
[Result "0-1"]
[WhiteElo "1653"]
[BlackElo "2045"]
[PlyCount "66"]
[EventDate "2017.01.28"]
[WhiteTeam "Delicias B"]
[BlackTeam "Palacio de Pioneros B"]

1. d4 Nf6 2. Nf3 d5 3. Bf4 e6 4. e3 Be7 5. Bd3 b6 6. Nbd2 O-O 7. Ne5 Bb7 8. c3
c5 9. Qf3 Nc6 10. Qh3 Qc8 11. g4 g6 12. Ndf3 Ne4 13. Nxc6 Bxc6 14. Bxe4 dxe4
15. Ne5 f6 16. Nxc6 Qxc6 17. O-O g5 18. Bg3 Rf7 19. Rfd1 Raf8 20. Rd2 f5 21.
Be5 Bf6 22. Bxf6 Rxf6 23. Rad1 f4 24. dxc5 Qxc5 25. Rd7 R6f7 26. Rxf7 Rxf7 27.
Rd8+ Kg7 28. Qh5 fxe3 29. Qxf7+ Kxf7 30. Rd7+ Kg6 31. fxe3 Qxe3+ 32. Kf1 Qf3+
33. Ke1 e3 0-1

[Event "Preferente Aragonesa Grupo B"]
[Site "Aragon"]
[Date "2017.01.28"]
[Round "1.55"]
[White "Gomez Salinas, Nestor"]
[Black "Sanchez Perez, Jose Felix"]
[Result "1-0"]
[WhiteElo "1951"]
[BlackElo "1554"]
[PlyCount "69"]
[EventDate "2017.01.28"]
[WhiteTeam "Palacio de Pioneros B"]
[BlackTeam "Delicias B"]

1. e4 e5 2. Nf3 Nc6 3. d4 exd4 4. Bc4 Bb4+ 5. c3 Ba5 6. Nxd4 Nxd4 7. Qxd4 Qf6
8. e5 Qg6 9. Qd5 Bb6 10. O-O Ne7 11. Qf3 O-O 12. Bd3 Qc6 13. Be4 Qe6 14. Re1 c6
15. Bg5 Bc7 16. Qd3 Ng6 17. Bf5 Qe8 18. Nd2 Bd8 19. Nf3 Bxg5 20. Nxg5 Qe7 21.
Nf3 Re8 22. Rad1 Rd8 23. Re4 Qf8 24. Rd4 Qe8 25. Re1 Nf8 26. Rd6 g6 27. Bh3 Ne6
28. Bxe6 fxe6 29. Ng5 Qe7 30. Nxe6 b5 31. Nxd8 Qxd8 32. Re3 a6 33. Rxg6+ Kh8
34. Rh6 Qe7 35. Reh3 1-0

[Event "Preferente Aragonesa Grupo B"]
[Site "Aragon"]
[Date "2017.01.28"]
[Round "1.56"]
[White "Sanchez Perez, Carlos"]
[Black "Sacristan Latorre, Carlos"]
[Result "0-1"]
[WhiteElo "1552"]
[BlackElo "1618"]
[PlyCount "92"]
[EventDate "2017.01.28"]
[WhiteTeam "Delicias B"]
[BlackTeam "Palacio de Pioneros B"]

1. d4 Nf6 2. Nf3 g6 3. e3 Bg7 4. Be2 O-O 5. O-O d6 6. Nc3 Nfd7 7. Ne4 e5 8. c3
Kh8 9. Re1 f5 10. Ng3 c6 11. b3 Qe7 12. Kh1 h6 13. Bd2 Nb6 14. Qc1 N8d7 15. Ng1
Nf6 16. f3 g5 17. Bd3 e4 18. Bc2 d5 19. Re2 h5 20. Nh3 Bh6 21. f4 g4 22. Ng5 h4
23. Nf1 Bxg5 24. fxg5 Nh5 25. g3 hxg3 26. hxg3 Qxg5 27. Rh2 Kg7 28. Qe1 Rh8 29.
Kg2 Be6 30. a4 Rh6 31. Qe2 Rah8 32. a5 Nd7 33. c4 Nhf6 34. Be1 Rh3 35. Bf2 Qh6
36. Bg1 Nh7 37. Rxh3 Qxh3+ 38. Kf2 Ng5 39. Nd2 Qh1 40. Qf1 Nf3 41. Nxf3 Qxf3+
42. Ke1 Qxg3+ 43. Bf2 Qf3 44. Kd2 Rh2 45. Ke1 g3 46. Bg1 Qxf1+ 0-1

[Event "Preferente Aragonesa Grupo B"]
[Site "Aragon"]
[Date "2017.01.28"]
[Round "1.57"]
[White "Sierra Aguerri, Joaquin"]
[Black "Climente Martinez, Jose Luis"]
[Result "1-0"]
[WhiteElo "2085"]
[BlackElo "2056"]
[PlyCount "84"]
[EventDate "2017.01.28"]
[WhiteTeam "Tauste"]
[BlackTeam "Sabiñanigo"]

1. e4 e6 2. d4 d5 3. Nc3 Nf6 4. Bg5 dxe4 5. Nxe4 Be7 6. Bxf6 gxf6 7. g3 Bd7 8.
Nf3 Bc6 9. Ned2 Qd5 10. Bg2 Qh5 11. O-O Nd7 12. c4 Rg8 13. d5 exd5 14. Nd4 Qxd1
15. Rfxd1 Nb6 16. Re1 Kf8 17. a3 a5 18. Rac1 Rd8 19. Nxc6 bxc6 20. cxd5 Nxd5
21. Rxc6 Nf4 22. Nc4 Ne6 23. h4 a4 24. Kf1 f5 25. Bh3 Rd5 26. Ne3 Rd2 27. Bxf5
Rxb2 28. Bxe6 fxe6 29. Nc4 Rc2 30. Rxc7 Rg4 31. Rxe6 Bxa3 32. Ra6 Rc1+ 33. Kg2
Re4 34. Rxa4 Be7 35. Ra8+ Kg7 36. Raa7 Kf6 37. Nd2 Ree1 38. Rxc1 Rxc1 39. Ne4+
Ke6 40. Ng5+ Kd6 41. Nxh7 Rc2 42. Ng5 Bd8 1-0

[Event "Preferente Aragonesa Grupo B"]
[Site "Aragon"]
[Date "2017.01.28"]
[Round "1.58"]
[White "Ainsa Claver, Ignacio"]
[Black "Fernandez Rubio, Rafael"]
[Result "1-0"]
[WhiteElo "1956"]
[BlackElo "2079"]
[PlyCount "116"]
[EventDate "2017.01.28"]
[WhiteTeam "Sabiñanigo"]
[BlackTeam "Tauste"]

1. c4 e5 2. Nc3 f5 3. e4 Nf6 4. Bd3 f4 5. Nf3 Nc6 6. Nd5 Bc5 7. a3 a5 8. b3 d6
9. h3 O-O 10. Bb2 h6 11. Bc2 Re8 12. O-O g5 13. d4 Ba7 14. dxe5 dxe5 15. Qd3 g4
16. hxg4 Bxg4 17. Rac1 Nh5 18. Nh2 Be6 19. b4 Bd4 20. Bxd4 Nxd4 21. Bd1 Bf7 22.
Ng4 Re6 23. Nxe5 Rxe5 24. Qxd4 Qg5 25. Qd3 c6 26. Nb6 Rd8 27. Qe2 f3 28. Qxf3
Qxc1 29. Qxf7+ Kxf7 30. Bxh5+ Rxh5 31. Rxc1 Rd3 32. Ra1 Rb3 33. bxa5 Rxa5 34.
Nc8 Ke6 35. Rd1 Rbxa3 36. Rd6+ Ke5 37. Rxh6 Kd4 38. Nd6 Ra1+ 39. Kh2 Rb1 40.
Rh7 b6 41. f4 Ra2 42. e5 Re2 43. Rc7 c5 44. Rd7 Rbb2 45. Rg7 Rbd2 46. Rg6 Ke3
47. Rg4 Kf2 48. Rg3 Rd4 49. Rf3+ Ke1 50. Kh3 Rf2 51. Kg3 Re2 52. Rb3 Kd2 53.
Rb2+ Ke1 54. Rxe2+ Kxe2 55. f5 Rd3+ 56. Kh4 Rd4+ 57. Kg5 b5 58. Nxb5 Re4 1-0

[Event "Preferente Aragonesa Grupo B"]
[Site "Aragon"]
[Date "2017.01.28"]
[Round "1.59"]
[White "Sancho Casale, Jesus"]
[Black "Garcia Estruch, Jorge"]
[Result "1-0"]
[WhiteElo "1981"]
[BlackElo "1819"]
[PlyCount "44"]
[EventDate "2017.01.28"]
[WhiteTeam "Tauste"]
[BlackTeam "Sabiñanigo"]

1. Nf3 Nf6 2. c4 e6 3. g3 d5 4. b3 Nbd7 5. Bb2 c6 6. Bg2 Bd6 7. d4 b6 8. O-O
Bb7 9. Nbd2 Rc8 10. Re1 O-O 11. Ne5 c5 12. cxd5 exd5 13. Ndf3 Ne4 14. Nd2 cxd4
15. Nxd7 Qxd7 16. Nxe4 dxe4 17. Qxd4 f5 18. Red1 Rfd8 19. Bh3 Rc7 20. Rac1 Rxc1
21. Bxc1 Bc8 22. Bg5 Rf8 1-0

[Event "Preferente Aragonesa Grupo B"]
[Site "Aragon"]
[Date "2017.01.28"]
[Round "1.60"]
[White "Garcia Estruch, Mauricio"]
[Black "Muro Turon, Raul"]
[Result "0-1"]
[WhiteElo "1337"]
[BlackElo "1935"]
[PlyCount "60"]
[EventDate "2017.01.28"]
[WhiteTeam "Sabiñanigo"]
[BlackTeam "Tauste"]

1. Nf3 Nf6 2. c4 e6 3. d4 Bb4+ 4. Nc3 b6 5. g3 Bxc3+ 6. bxc3 Bb7 7. Bg2 d6 8.
O-O O-O 9. Bg5 h6 10. Bxf6 Qxf6 11. Qc2 Nd7 12. Rfe1 Qe7 13. e4 e5 14. Rac1
Rfe8 15. dxe5 dxe5 16. Rcd1 Rad8 17. Nd2 a5 18. Nb3 a4 19. Nd2 Nc5 20. Bf1 Qe6
21. f3 Ba6 22. Kg2 Rd7 23. Nb1 Rxd1 24. Rxd1 Bxc4 25. Bxc4 Qxc4 26. Na3 Qe6 27.
c4 Qe7 28. Nb5 Rd8 29. Rxd8+ Qxd8 30. Nc3 Qd7 0-1

[Event "Preferente Aragonesa Grupo B"]
[Site "Aragon"]
[Date "2017.01.28"]
[Round "1.61"]
[White "Sanchez Herrera, Miguel"]
[Black "Gil Capape, Marco Antonio"]
[Result "0-1"]
[WhiteElo "2124"]
[BlackElo "2110"]
[PlyCount "38"]
[EventDate "2017.01.28"]
[WhiteTeam "St. Casablanca D"]
[BlackTeam "Caissa-Hnos Cortes"]

1. d4 e6 2. Nf3 Nf6 3. e3 d5 4. Bd3 c5 5. c3 Bd6 6. O-O Nc6 7. Nbd2 Qc7 8. dxc5
Bxc5 9. e4 O-O 10. exd5 exd5 11. h3 Bxh3 12. gxh3 Qg3+ 13. Kh1 Qxh3+ 14. Kg1
Qg3+ 15. Kh1 Qh3+ 16. Kg1 Ng4 17. Bf5 Nce5 18. a4 Qg3+ 19. Kh1 Bxf2 0-1

[Event "Preferente Aragonesa Grupo B"]
[Site "Aragon"]
[Date "2017.01.28"]
[Round "1.62"]
[White "Vera Aranjuelo, Jesus Maria"]
[Black "Cebollada Pacheco, Jesus Raul"]
[Result "0-1"]
[WhiteElo "2029"]
[BlackElo "2061"]
[PlyCount "73"]
[EventDate "2017.01.28"]
[WhiteTeam "Caissa-Hnos Cortes"]
[BlackTeam "St. Casablanca D"]

1. d4 Nf6 2. Nf3 g6 3. Bf4 Bg7 4. e3 O-O 5. Be2 d6 6. h3 Nbd7 7. O-O Ne4 8. Bh2
e5 9. c3 Qe7 10. Nbd2 Nxd2 11. Nxd2 a5 12. Rc1 Kh8 13. Nf3 e4 14. Nd2 b6 15. a3
Bb7 16. b4 f5 17. c4 axb4 18. axb4 g5 19. Qb3 Ra7 20. c5 bxc5 21. dxc5 dxc5 22.
bxc5 Bc6 23. Rfd1 Rb8 24. Qc2 Rb2 25. Qc4 Ra4 26. Bf1 Rxc4 27. Nxc4 Ra2 28.
Bxc7 h5 29. Rd6 Ne5 30. Bd8 Qb7 31. Bxg5 Nf7 32. Bh4 Nxd6 33. Nxd6 Qd7 34. Bc4
Ra1 35. Rxa1 Bxa1 36. Bg3 Kg7 37. Bf7 0-1

[Event "Preferente Aragonesa Grupo B"]
[Site "Aragon"]
[Date "2017.01.28"]
[Round "1.63"]
[White "Garcia Andres, Daniel"]
[Black "Alonso Fdez-Revuelta, Rodrigo"]
[Result "1/2-1/2"]
[WhiteElo "2007"]
[BlackElo "1983"]
[PlyCount "106"]
[EventDate "2017.01.28"]
[WhiteTeam "St. Casablanca D"]
[BlackTeam "Caissa-Hnos Cortes"]

1. e4 e6 2. d4 d5 3. Nd2 Nf6 4. e5 Nfd7 5. Bd3 c5 6. c3 b6 7. Ngf3 Ba6 8. Qe2
Qc8 9. O-O Bxd3 10. Qxd3 Qa6 11. Qe3 Nc6 12. Qf4 Be7 13. Re1 cxd4 14. Nxd4 Nxd4
15. cxd4 O-O 16. Qg4 b5 17. Nf3 f5 18. exf6 Rxf6 19. Bg5 Rg6 20. Qh4 Bxg5 21.
Nxg5 h6 22. Nf3 Rf8 23. Qh3 Rf4 24. Re3 Re4 25. Rxe4 dxe4 26. Nd2 Qc6 27. Qe3
Nf6 28. Re1 Rg4 29. h3 Rh4 30. Qg3 Rh5 31. Qf4 Rf5 32. Qe3 Qc2 33. Nxe4 Nxe4
34. Qxe4 Qxf2+ 35. Kh1 Rf6 36. Re2 Qf1+ 37. Kh2 Qf4+ 38. Qxf4 Rxf4 39. Rxe6
Rxd4 40. Ra6 Ra4 41. Rxa4 bxa4 42. Kg3 Kf7 43. Kf4 Ke6 44. Ke4 g6 45. b4 axb3
46. axb3 a5 47. h4 Kd6 48. Kd4 Kc6 49. g4 Kb5 50. Kc3 Kc5 51. Kb2 Kb4 52. Kc2
Kc5 53. Kb2 Kb4 1/2-1/2

[Event "Preferente Aragonesa Grupo B"]
[Site "Aragon"]
[Date "2017.01.28"]
[Round "1.64"]
[White "Galvez Perez, Jose Luis"]
[Black "Abad Vinas, Jesus Manuel"]
[Result "1-0"]
[WhiteElo "1931"]
[BlackElo "1760"]
[PlyCount "81"]
[EventDate "2017.01.28"]
[WhiteTeam "Caissa-Hnos Cortes"]
[BlackTeam "St. Casablanca D"]

1. Nf3 c5 2. c4 Nf6 3. Nc3 d6 4. g3 Nc6 5. Bg2 g6 6. d4 cxd4 7. Nxd4 Nxd4 8.
Qxd4 Bg7 9. Bg5 O-O 10. Qd2 Be6 11. Bxb7 Rb8 12. Bg2 Bxc4 13. O-O Nd7 14. b3
Be6 15. Rac1 Re8 16. Nd5 Bxd5 17. Qxd5 h6 18. Be3 a5 19. Rc6 Nf6 20. Qd2 Kh7
21. Rfc1 Ng4 22. Bd4 e5 23. Bc3 Re6 24. h3 Nf6 25. Bxa5 Qe8 26. Rxd6 Rxd6 27.
Qxd6 Rc8 28. Bc6 Ne4 29. Qd5 Nf6 30. Qc4 Qe7 31. Bb4 Qa7 32. a4 h5 33. Bc5 Qc7
34. Be3 Qe7 35. a5 h4 36. Qxh4+ Kg8 37. Bg5 Qa3 38. Qa4 Qb2 39. a6 Nh7 40. Be3
Qxe2 41. a7 1-0

[Event "Preferente Aragonesa Grupo B"]
[Site "Aragon"]
[Date "2017.01.28"]
[Round "1.65"]
[White "Santos Morales, Julio Cesar"]
[Black "Cajo Esteban, Ruben"]
[Result "1/2-1/2"]
[WhiteElo "1855"]
[BlackElo "1867"]
[PlyCount "55"]
[EventDate "2017.01.28"]
[WhiteTeam "Marcos Frechin B"]
[BlackTeam "Dr. Azua"]

1. Nf3 e6 2. d4 d5 3. c4 Nf6 4. Nc3 c6 5. cxd5 exd5 6. Bg5 Be7 7. e3 Bf5 8. Be2
Nbd7 9. O-O h6 10. Bh4 O-O 11. Nd2 Re8 12. Rc1 Bd6 13. Bg3 Nf8 14. a3 Ne6 15.
b4 a6 16. Nb3 Ne4 17. Nxe4 Bxe4 18. Bxd6 Qxd6 19. Nc5 Re7 20. Nxe4 dxe4 21. Bc4
Nc7 22. Qb3 Rd8 23. a4 Kf8 24. Rc2 f5 25. f3 g6 26. Rcf2 exf3 27. Rxf3 Nd5 28.
g4 1/2-1/2

[Event "Preferente Aragonesa Grupo B"]
[Site "Aragon"]
[Date "2017.01.28"]
[Round "1.66"]
[White "Solera Sanchez, Roberto"]
[Black "Moya Gimeno, Raul"]
[Result "1-0"]
[WhiteElo "1822"]
[BlackElo "1799"]
[PlyCount "53"]
[EventDate "2017.01.28"]
[WhiteTeam "Dr. Azua"]
[BlackTeam "Marcos Frechin B"]

1. e4 c5 2. c3 Nc6 3. Nf3 g6 4. d4 cxd4 5. cxd4 Bg7 6. Nc3 d6 7. Bc4 Nf6 8. O-O
O-O 9. d5 Na5 10. Be2 b6 11. b4 Nb7 12. Nd4 a5 13. Nc6 Qe8 14. Rb1 axb4 15.
Rxb4 Nc5 16. f3 Ba6 17. Bxa6 Rxa6 18. Bb2 Qd7 19. Na4 Rfa8 20. Nxb6 Rxb6 21.
Rxb6 Na4 22. Rb8+ Rxb8 23. Nxb8 Qb5 24. Bd4 Nh5 25. Bxg7 Kxg7 26. Nc6 Nc3 27.
Qd4+ 1-0

[Event "Preferente Aragonesa Grupo B"]
[Site "Aragon"]
[Date "2017.01.28"]
[Round "1.67"]
[White "Obon Zuniga, Francisco"]
[Black "Lebron Duran, Jose Maria"]
[Result "1/2-1/2"]
[WhiteElo "1782"]
[BlackElo "1813"]
[PlyCount "55"]
[EventDate "2017.01.28"]
[WhiteTeam "Marcos Frechin B"]
[BlackTeam "Dr. Azua"]

1. d4 d5 2. c4 e5 3. dxe5 d4 4. Nf3 Nc6 5. Nbd2 Nge7 6. g3 Ng6 7. Bg2 Ngxe5 8.
O-O Be7 9. b3 Bf6 10. Ne4 O-O 11. Nxf6+ Qxf6 12. Bb2 Rd8 13. Qd2 Bg4 14. Nxe5
Qxe5 15. e3 Qg5 16. f4 dxe3 17. Qxe3 Qg6 18. Rae1 Qd3 19. Bxc6 Qxe3+ 20. Rxe3
bxc6 21. Rfe1 h5 22. Bc3 Rd7 23. Kg2 Be6 24. Be5 Re8 25. Rf1 Rd2+ 26. Rf2 Bh3+
27. Kf3 Bg4+ 28. Kg2 1/2-1/2

[Event "Preferente Aragonesa Grupo B"]
[Site "Aragon"]
[Date "2017.01.28"]
[Round "1.68"]
[White "Garcia Garcia, Enrique"]
[Black "Farinas Argudo, Adrian"]
[Result "0-1"]
[WhiteElo "1709"]
[BlackElo "1735"]
[PlyCount "83"]
[EventDate "2017.01.28"]
[WhiteTeam "Dr. Azua"]
[BlackTeam "Marcos Frechin B"]

1. d4 d5 2. Nf3 Nf6 3. c4 c6 4. Nc3 e6 5. Bg5 Nbd7 6. e3 Bb4 7. Qc2 Qa5 8. Nd2
h6 9. Bf4 Nh5 10. Nb3 Qd8 11. Bg3 Nxg3 12. hxg3 Nf6 13. Bd3 O-O 14. O-O Re8 15.
Rac1 e5 16. cxd5 Nxd5 17. a3 Nxc3 18. bxc3 Bxa3 19. Ra1 Bd6 20. Nd2 b5 21. Be4
Bd7 22. Ra6 Qc7 23. Rfa1 Reb8 24. c4 exd4 25. exd4 b4 26. c5 Be7 27. d5 Bf6 28.
d6 Qb7 29. R1a4 b3 30. Nxb3 Qxb3 31. Qxb3 Rxb3 32. Rxa7 Rd8 33. Rc7 g6 34. Raa7
Be6 35. Bxc6 Kg7 36. d7 Bd4 37. Ba4 Rb2 38. Ra6 Bxf2+ 39. Kh1 Rb1+ 40. Kh2 Bg1+
41. Kh1 Bxc5+ 42. Kh2 0-1

[Event "Preferente Aragonesa Grupo B"]
[Site "Aragon"]
[Date "2017.01.28"]
[Round "1.69"]
[White "Lopez Caudevilla, David"]
[Black "Martinez Asensio, Juan Miguel"]
[Result "1-0"]
[WhiteElo "2073"]
[BlackElo "2032"]
[PlyCount "55"]
[EventDate "2017.01.28"]
[WhiteTeam "Actur Rey Fernando"]
[BlackTeam "Agrupacion B"]

1. e4 c5 2. Nc3 Nc6 3. g3 g6 4. Bg2 Bg7 5. d3 d6 6. f4 Nh6 7. Nf3 O-O 8. O-O f5
9. h3 Rb8 10. a4 a6 11. Be3 b5 12. axb5 axb5 13. Qd2 b4 14. Nd1 Nd4 15. Qf2 e5
16. c3 Nb3 17. Rb1 fxe4 18. Ng5 Nf5 19. dxe4 Nxe3 20. Qxe3 h6 21. Nf3 exf4 22.
gxf4 Qf6 23. Qd3 Kh7 24. Ne3 Na5 25. f5 gxf5 26. exf5 Bxf5 27. Nxf5 Qxf5 28.
Ng5+ 1-0

[Event "Preferente Aragonesa Grupo B"]
[Site "Aragon"]
[Date "2017.01.28"]
[Round "1.70"]
[White "Carruez Berges, Santiago"]
[Black "Aviol Perez, Jose Mariano"]
[Result "1-0"]
[WhiteElo "2030"]
[BlackElo "1842"]
[PlyCount "79"]
[EventDate "2017.01.28"]
[WhiteTeam "Agrupacion B"]
[BlackTeam "Actur Rey Fernando"]

1. e4 d6 2. d4 Nf6 3. Nc3 g6 4. Nf3 Bg7 5. Be2 c5 6. dxc5 Qa5 7. O-O Qxc5 8.
Be3 Qa5 9. Qd2 Nc6 10. Bh6 Bxh6 11. Qxh6 Qh5 12. Qxh5 Nxh5 13. Nd5 O-O 14. Rfd1
Rd8 15. Nd4 Nxd4 16. Rxd4 e5 17. Rd2 f5 18. Bxh5 gxh5 19. exf5 Kf7 20. Ne3 d5
21. c3 d4 22. Rad1 Kf6 23. cxd4 e4 24. Kf1 Bxf5 25. Nxf5 Kxf5 26. Ke2 h4 27.
Ke3 Rg8 28. g3 h5 29. d5 hxg3 30. hxg3 Rad8 31. d6 Rd7 32. Rd5+ Kg4 33. R1d4
Rg6 34. Rxe4+ Kh3 35. Kf3 Rf6+ 36. Rf4 Rxf4+ 37. Kxf4 Kg2 38. Rd2 Kf1 39. Ke5
Ke1 40. Rc2 1-0

[Event "Preferente Aragonesa Grupo B"]
[Site "Aragon"]
[Date "2017.01.28"]
[Round "1.71"]
[White "Leon Dionis, Mateo"]
[Black "Mimbela Lopez, Luis"]
[Result "0-1"]
[WhiteElo "1770"]
[BlackElo "2023"]
[PlyCount "80"]
[EventDate "2017.01.28"]
[WhiteTeam "Actur Rey Fernando"]
[BlackTeam "Agrupacion B"]

1. d4 Nf6 2. Nf3 g6 3. c4 Bg7 4. Nc3 O-O 5. e4 d6 6. Be2 e5 7. O-O Nbd7 8. d5
Nc5 9. Qc2 a5 10. Be3 Nfd7 11. Ne1 f5 12. exf5 gxf5 13. f3 Kh8 14. Nd3 b6 15.
a3 Nxd3 16. Bxd3 Nc5 17. Be2 a4 18. Bxc5 bxc5 19. Nxa4 Qh4 20. g3 Qh3 21. Nc3
Bd7 22. Bd3 Bh6 23. Qe2 Rg8 24. Kh1 Rxg3 25. Qf2 Rag8 26. Rg1 Rxf3 27. Rxg8+
Kxg8 28. Bf1 Rxf2 29. Bxh3 Rxb2 30. a4 Bd2 31. Nb5 Ba5 32. Na7 Kf7 33. Bxf5
Bxf5 34. Nc6 Be4+ 35. Kg1 Rg2+ 36. Kf1 Rxh2 37. Ra3 Rh1+ 38. Ke2 Bb4 39. a5
Bxa3 40. a6 Bb4 0-1

[Event "Preferente Aragonesa Grupo B"]
[Site "Aragon"]
[Date "2017.01.28"]
[Round "1.72"]
[White "Garcia Morales, Roberto"]
[Black "Fernandez Sierra, Pedro Jose"]
[Result "1-0"]
[WhiteElo "2005"]
[BlackElo "1633"]
[PlyCount "103"]
[EventDate "2017.01.28"]
[WhiteTeam "Agrupacion B"]
[BlackTeam "Actur Rey Fernando"]

1. e4 e6 2. d4 d5 3. exd5 exd5 4. Bd3 Bd6 5. Ne2 Nf6 6. Bf4 O-O 7. O-O Re8 8.
h3 c6 9. c3 Qc7 10. Bxd6 Qxd6 11. Nd2 Be6 12. Ng3 Nbd7 13. Nf3 Ne4 14. Bxe4
dxe4 15. Nxe4 Qf4 16. Ng3 Bd5 17. Re1 Bxf3 18. Qxf3 Qxf3 19. gxf3 Nf6 20. Ne4
Nxe4 21. fxe4 Rad8 22. Rad1 Kf8 23. f3 Rd7 24. Kf2 Rd6 25. f4 Red8 26. e5 Rh6
27. Re3 Rd5 28. c4 Ra5 29. a3 c5 30. d5 b5 31. Rb3 a6 32. Kg3 Rg6+ 33. Kf3 Rh6
34. Kg4 Rg6+ 35. Kf5 Rb6 36. d6 Ke8 37. Ke4 Ra4 38. Rc1 Kd7 39. Kd5 g6 40. cxb5
axb5 41. Rxc5 Rxf4 42. Rc7+ Kd8 43. Kc5 Rb8 44. Rxb5 Rxb5+ 45. Kxb5 Rf5 46. Kc6
Rf2 47. Rd7+ Kc8 48. Rc7+ Kd8 49. Rb7 Rc2+ 50. Kd5 Rd2+ 51. Ke4 Rf2 52. a4 1-0